LEADER 01049nam a2200229 i 4500 001 000000060403 003 CaOOAMICUS 005 20251022104029.0 008 140502s1967 it u000 u ita u 040 $aSeMil$bita 100 1 $aErikson, Erik Homburger <1902-1994>.$0(OLS)http://semarc/name/17498 240 10$aYoung Man Luther : a Study in Psychoanalysis and History.$0(OLS)http://semarc/title/402620 245 13$aIl giovane Lutero :$b[studio storico-psicoanalitico] /$cErik H. Erikson ; introduzione di Antonello Armando. 260 $aRoma :$bArmando,$ccopyr. 1967. 300 $a270 p. ;$c24 cm. 600 14$aLutero, Martin <1483-1546>.$0(OLS)http://semarc/subject/3365 700 1 $aArmando, Antonello.$0(OLS)http://semarc/name/30737 850 $aSeMil 852 $aSeMil$W1$xVenegono$y1$m3U V 532$j263646$B26556$CSeMilBibl$Z2$F26559 $81 996 $6245$aIl giovane Lutero :$b[studio storico-psicoanalitico]$9(OLS)http://semarc/title/94680 996 $6260$aRoma :$bArmando$9(OLS)http://semarc/publisher/29857 LEADER 01202nam a2200313 i 4500 001 000000124159 003 CaOOAMICUS 005 20040315000000.0 008 040315s1992 it u000 u ita u 013 $a96856 020 $a88-18-91030-2 040 $aSeMil$bita 100 1 $aKlimt, Gustav.$0(OLS)http://semarc/name/51570 240 10$aKlimt.$0(OLS)http://semarc/title/182668 245 10$aKlimt /$cFrank Whitford. 260 $aMilano :$bRusconi,$c1992. 300 $a216 p. :$briccamente ill. ;$c21 cm. 490 0 $aRusconi Arte 500 $aContiene : Bibliografia e fonti. - Dalla Biblioteca del Card. Giovanni Colombo. 650 4$aKlimt, Gustav <1862-1918>.$0(OLS)http://semarc/subject/18974 700 1 $aWhitford, Frank.$0(OLS)http://semarc/name/51571 830 0$aRusconi Arte.$0(OLS)http://semarc/title/14775 850 $aSeMil 852 $aSeMil$W1$xVenegono$y1$m5Q I 78$j78775$B78775$CSeMilBibl$Z2$F80968 $81 941 1 $a3 961 $aOmaggio: Colombo Card. Giovanni 996 $6020$a88-18-91030-2$9(OLS)http://semarc/number/109879 996 $6245$aKlimt$9(OLS)http://semarc/title/182669 996 $6260$aMilano :$bRusconi$9(OLS)http://semarc/publisher/30258